Normal view
MARC view
Entry Topical Term
001 - CONTROL NUMBER
- control field: 15527
003 - CONTROL NUMBER IDENTIFIER
- control field: ARRUPE
005 - DATE AND TIME OF LATEST TRANSACTION
- control field: 20150225121410.0
008 - FIXED-LENGTH DATA ELEMENTS
- fixed length control field: 150225|| aca||aabn | a|a d
040 ## - CATALOGING SOURCE
- Original cataloging agency: ARRUPE
- Transcribing agency: ARRUPE
150 ## - HEADING--TOPICAL TERM
- Topical term or geographic name as entry element: Labor movement
- Geographic subdivision: South Africa
- General subdivision: History.
670 ## - SOURCE DATA FOUND
- Source citation: Work cat.: (ARRUPE)0: Mpofu, Elias. 15526, The labour history of South Africa in source materials (1806-1940) /, 2004.